Fearful Symmetry : (Record no. 65991)

MARC details
000 -LEADER
fixed length control field 00539nam a22001577a 4500
005 - DATE AND TIME OF LATEST TRANSACTION
control field 20180728103335.0
020 ## - INTERNATIONAL STANDARD BOOK NUMBER
International Standard Book Number 0195665864
Terms of availability 495.00
035 ## - SYSTEM CONTROL NUMBER
System control number B-163261, B-163260
037 ## - SOURCE OF ACQUISITION
Stock number DPL
Source of stock number/acquisition ENG
100 ## - MAIN ENTRY--PERSONAL NAME
Personal name Ganguly, Sumit
245 ## - TITLE STATEMENT
Title Fearful Symmetry :
Remainder of title India-Pakistan crises in the shadow of Nuclear weapons /
Statement of responsibility, etc by Sumit Ganguly and Devin T. Hagerty
260 ## - PUBLICATION, DISTRIBUTION, ETC. (IMPRINT)
Place of publication, distribution, etc New Delhi
Name of publisher, distributor, etc Oxford University Press
Date of publication, distribution, etc 2005
300 ## - PHYSICAL DESCRIPTION
Extent ix, 223p.;
Dimensions 20 cms.
700 ## - ADDED ENTRY--PERSONAL NAME
Personal name Hagerty, Devin T.
9 (RLIN) 46216
942 ## - ADDED ENTRY ELEMENTS (KOHA)
Source of classification or shelving scheme Dewey Decimal Classification
Item type English Books
Classification part 327.540549
Call number suffix GAN
Holdings
Withdrawn status Lost status Not for loan Collection code Home library Current library Date acquired Cost, normal purchase price Full call number Barcode Cost, replacement price Koha item type Source of acquisition
      Non-fiction Patel Nagar Patel Nagar 28/07/2018 495.00 327.540549 GAN B-163260 495.00 English Books BPPD/Pub
      Non-fiction Sarojini Nagar Sarojini Nagar 02/05/2012 495.00 327.540549 GAN B-163261 495.00 English Books  

© Delhi Public Library
Hit Counter
free hit counter